000 00808cam a22002414a 4500
001 11915877
005 20251108104515.0
008 000217s2001 maua b 001 0 eng
020 _a0072390549
_qacid-free paper
020 _a9780072390544
_q(acid-free paper)
050 0 0 _aTJ265
_b.C42 2001
082 0 0 _a621.402
_221
100 1 _aÇengel, Yunus A.
245 1 0 _aFundamentals of thermal-fluid sciences /
_cYunus A. Çengel, Robert H. Turner.
260 _aBoston :
_bMcGraw-Hill,
_cc2001.
300 _axxxv, 1047 p. :
_bill. (some col.) ;
_c26 cm. +
_e1 computer optical disc (4 3/4 in.)
440 0 _aMcGraw-Hill series in mechanical engineering
650 0 _aThermodynamics.
650 0 _aHeat
_xTransmission.
650 0 _aFluid mechanics.
700 1 _aTurner, Robert H.
942 _2lcc
_cBK
_n0
999 _c8138
_d8138